Государство и граждане в электронной среде. Вып. 4 (Запись № 12555257)

Подробности
000 -МАРКЕР
контрольное поле 02510nam2a2200265 4500
001 - ИДЕНТИФИКАТОР ЗАПИСИ
контрольное поле RU\NLR\BIBL_A\012592067
005 - ИДЕНТИФИКАТОР ВЕРСИИ
контрольное поле 20220121135027.0
010 ## - МЕЖДУНАРОДНЫЙ СТАНДАРТНЫЙ НОМЕР КНИГИ (ISBN)
Номер (ISBN) 978-5-7577-0632-0
Тираж 100
021 ## - НОМЕР ГОСУДАРСТВЕННОЙ РЕГИСТРАЦИИ
Код страны Российская Федерация
Номер КН-П-21-028657
Номер Листа государственной регистраци КН-П-21-2217
035 ## - ДРУГИЕ СИСТЕМНЫЕ НОМЕРА
Идентификатор записи (NLR Aleph) 012592067
100 ## - ДАННЫЕ ОБЩЕЙ ОБРАБОТКИ
Данные общей обработки 20210907d2020 k y0rusy50 ca
101 0# - ЯЗЫК РЕСУРСА
Язык текста, звукозаписи и т.д. русский
Язык резюме английский
102 ## - СТРАНА ПУБЛИКАЦИИ ИЛИ ПРОИЗВОДСТВА
Страна публикации Российская Федерация
105 ## - ПОЛЕ КОДИРОВАННЫХ ДАННЫХ: ТЕКСТОВЫЕ МАТЕРИАЛЫ, МОНОГРАФИЧЕСКИЕ
Кодированные данные о монографическом текстовом документе a|||z|||001zy
200 0# - ЗАГЛАВИЕ И СВЕДЕНИЯ ОБ ОТВЕТСТВЕННОСТИ
Основное заглавие Вып. 4
Сведения, относящиеся к заглавию труды XXIII Международной объединенной научной конференции "Интернет и современное общество", IMS-2020, Санкт-Петербург,17-20 июня 2020 г.
Первые сведения об ответственности Министерство науки и высшего образования Российской Федерации, Университет ИТМО, Некоммерческое партнерство ПРИОР Северо-Запад
210 ## - ПУБЛИКАЦИЯ, РАСПРОСТРАНЕНИЕ И ДР.
Дата издания, распространения и т.д. 2020
215 ## - ФИЗИЧЕСКАЯ ХАРАКТЕРИСТИКА
Специфическое обозначение материала и объем 122, [4] с.
Другие сведения о физической характеристике ил., табл.
320 ## - ПРИМЕЧАНИЯ О НАЛИЧИИ В ДОКУМЕНТЕ БИБЛИОГРАФИИ / УКАЗАТЕЛЯ
Текст примечания Библиогр. в конце ст.
461 #0 - УРОВЕНЬ НАБОРА
Встроенное поле 001RU\NLR\BIBL_A\011796320
-- 2001#$aГосударство и граждане в электронной среде$eтруды XX Международной объединенной научной конференции "Интернет и современное общество", IMS-2017, Санкт-Петербург, 21-23 июня 2017 г.$eсборник научных статей$fМинистерство образования и науки Российской Федерации, Университет ИТМО$g[редколлегия: А.В. Чугунов (председатель, научный редактор) и др.]$vВып. 4
Системный номер (АБИС) связанной записи 11848779
Место публикации Санкт-Петербург
Дата публикации 2017
Первые сведения об ответственности Министерство образования и науки Российской Федерации, Университет ИТМО
Имя издателя, распространителя и т.д. Университет ИТМО
Сведения, относящиеся к заглавию труды XX Международной объединенной научной конференции "Интернет и современное общество", IMS-2017, Санкт-Петербург, 21-23 июня 2017 г. : сборник научных статей
Заглавие Государство и граждане в электронной среде
Номер тома Вып. 4
942 ## - ДОПОЛНИТЕЛЬНЫЕ ЭЛЕМЕНТЫ ЗАПИСИ (АБИС)
Тип экземпляра АБИС Книга
980 ## - КОЛЛЕКЦИЯ
Название коллекции Национальная библиография
Экземпляры
Тип экземпляра Дата поступления Источник поступления Библиотека постоянного хранения Библиотека текущего хранения Место хранения Шифр хранения Штрих-код Статус экземпляра
Книга 07.09.2021 Обязательный экземпляр РНБ (Московский) РНБ (Московский) Русский книжный фонд: издания с 1957 года 2018-7/4824 1-3489359  
Книга 07.09.2021 Обязательный экземпляр РНБ (Московский) РНБ (Московский) Русский книжный фонд: издания с 1957 года 2018-7/4824 1-3489360